Riadenie rizík v medzinárodnom obchode diplomová práca

Gespeichert in:
Bibliographische Detailangaben
1. Verfasser: Medveďová, Janka
Körperschaft: Obchodná fakulta EU. Katedra medzinárodného obchodu
Weitere Verfasser: Pavelka, Ľuboš, 1962-
Format: Buch
Sprache:Slowakisch
Veröffentlicht: Bratislava 2008
Tags: Tag hinzufügen
Keine Tags, Fügen Sie das erste Tag hinzu!

MARC

LEADER 00000nam$a2200000$$$4500
001 0085927
005 20240201120249.5
041 0 |a slo 
044 |a SK 
245 1 0 |a Riadenie rizík v medzinárodnom obchode  |b diplomová práca  |c Janka Medveďová ; škol. Ľuboš Pavelka 
264 1 |a Bratislava  |c 2008 
300 |a 86 s. 
100 1 |a Medveďová, Janka 
700 1 |a Pavelka, Ľuboš, 1962- 
710 2 |a Obchodná fakulta EU. Katedra medzinárodného obchodu